000 00422nmm a2200145Ia 4500
008 251105s9999||||xx |||||||||||||||||und||
041 _aspa
100 _aArróniz, Guillermo
245 0 _aPequeños laberintos masculinos
264 _a[Madrid, España] :
_bEditorial Egales,
_c2019
300 _a224 páginas
650 _aSpanish narrative
856 _uhttps://public.digitaliapublishing.com/a/158433
942 _cCF
999 _c106640
_d106640